000 04764nam a2200505 4500
005 20191203155100.0
008 160523s19191959enk |||fr|||| 001 0 mul d
020 _a978-0-674-99216-2
020 _a978-0-674-99148-4
020 _a978-0-674-99190-3
020 _a0-674-99-210-5
020 _a978-0-674-99256-6
020 _a978-0-674-99392-1
020 _a978-0-674-99404-1
020 _a978-0-674-99419-5
020 _a978-0-674-99326-6
020 _a978-0-674-99332-7
020 _a978-0-674-99346-4
020 _a978-0-674-99366-2
020 _a978-0-674-99435-5
020 _a978-0-674-99445-4
040 _aCO-BoUCM
_bspa
_cSandra Yazo
_dSandra Yazo
041 1 _alat
_aeng
082 0 4 _220
_a937.01
092 _aE61N034
100 1 _aTito Livio
_9858
_d59 a.C.-17 d.C.
242 0 0 _aTito Livio
_cTraducción inglesa de B. O. Foster ; Frank Gardner Moore ; Evan T. Sage ; Alfred C. Schlesinger e índice General de Russel M. Geer
_yspa
_bHistoria de Rome
245 1 0 _aLivy
_cWith an english translation by B. O. Foster ; Frank Gardner Moore ; Evan T. Sage ; Alfred C. Schlesinger and general Index by Russel M. Geer
_bHistory of Rome
260 _aLondon (Inglaterra)
_bHarvard University Press [Imprenta de la Universidad de Harvard]
_c1946
300 _a14 volúmenes (xxxvi, 447 ; x, 465 ; x, 527 ; ix, 571 ; xx, 420 ; x, 519 ; x, 424 ; xi, 562 ; xviii, 594 ; xi, 491 ; xi, 412 ; ix, 521 ; viii, 425 ; xiv, 573 páginas)
_c16 x 11 cm.
490 0 _aLoeb classical Library
_v114 ; 133 ; 172 ; 191 ; 233 ; 355 ; 367 ; 381 ; 295 ; 301 ; 313 ; 332 ; 396 ; 404
500 _aDetalles físicos: Encuadernación rígida. Cartón duro forrado en tela. Lomo con adornos en dorado. En la tapa delantera anagrama en dorado. Cubierta de papel rojo con solapa, que incluye datos de autor y de la obra. Guardas. Hoja de cortesía. Anteportada. Portada impresa en una sola tinta; información sobre la obra dentro de un recuadro. Pequeño grabado con el emblema de la Colección (Palas Athenea); en el círculo, la inscripción “Loeb Classical Library”. Texto muy bien impreso en una sola columna: el texto latín, con párrafos numerados, ocupa la página derecha; la traducción inglesa correspondiente a la página de la izquierda. Notas de pie de página. Incluye índice. Hojas de cortesía posteriores y guardas. V.1 al V.11 incluyen mapas-planos
505 2 _aV.1: Complemento bibliográfico ; Prefacio del traductor ; Introducción ; Historia de Roma con sumarios: Libros I y II ; Índice ; Mapas -- V.2: Prefacio ; Historia de Roma: Libros III y IV ; Índice ; Mapa ; V.3: Prefacio ; Los manuscritos ; Abreviaturas ; Historia de Roma: Libros V, VI y VII ; Índice de nombres ; Mapas -- V.4: Prefacio ; Historia de Roma: Libros VIII, IX y X ; Sumarios de los Libros XI a XX ; Índice ; Mapa -- V.5: Prefacio ; Bibliografía ; Los manuscritos ; Historia de Roma: Libros XXI y XXII ; Índice de nombres ; Mapas y planos -- V.6: Prefacio; Los manuscritos ; Historia de Roma: Libros XXIII al XXV ; Apéndice: topografía de Siracusa ; Índice de nombres ; Mapas -- V.7: Prefacio ; Los manuscritos ; Historia de Roma: Libros XXVI, XXVII ; Índice onomástico ; Mapas y planos -- V.8: Prefacio ; Los manuscritos ; Historia de Roma: Libros XXVIII al XXX ; Apéndice: el problema de Zama ; Índice onomástico ; Mapas -- V.9: Prefacio ; Bibliografía ; Nota introductoria ; Historia de Roma: Libros XXXI, al XXXIV ; Índice onomástico ; Mapas y planos -- V.10: Prefacio; Nota introductoria ; Historia de Roma: Libros XXXV al XXXVII ; Índice onomástico ; Mapas -- V.11: Nota introductoria ; Historia de Roma: Libros XXXVIII y XXXIX ; Índice onomástico ; Mapas -- V.12: Prefacio del traductor ; Historia de Roma: Libros XL, XLI y XLII (con sus sumarios) ; Índice onomástico ; Mapas -- V.13: Prefacio del traductor ; Historia de Roma: Libros XLIII al XLV ; Índice onomástico ; Mapas -- V.14: Prefacio ; Historia de Roma: Sumarios de los libros XXXVII a XL ; Sumarios de los libros XLVI al CXLII ; Fragmentos ; Numeración de los fragmentos ; Julius obsequens ; Palabras previas al Índice ; Índice, Tabla de paralelos ; Mapas
506 _aConsulta en sala
546 _aTexto en latín e inglés
650 7 _918628
_aLiteratura clásica
651 0 _aRoma (Italia)
_xHistoria
_926698
690 _aBiografías
_97343
700 1 _aFoster, Benjamin Oliver
_etraductor
_998856
700 1 _aMoore, Frank Gardner
_etraductor
_b1865-1955
_998857
700 1 _aSage, Evan T.
_etraductor
_c1881-1936
_q(Evan Taylor)
_998858
700 1 _aSchlesinger, Alfred C.
_etraductor
_d1900-1993
_q(Alfred Cary)
_998859
700 1 _aGeer, Russel M.
_etraductor
_q(Russel Mortimer)
_998860
942 _2LOCAL
_cLIBRO
_e1
_hE61N034
999 _c316254
_d316254